Statistics for Biggest Cities in Indonesia Quiz

Click here to take the quiz!

General Stats

  • This quiz has been taken 66 times
  • The average score is 10 of 17

Answer Stats

PopulationCity% Correct
31.3 mil.Jakarta
100%
6.95 mil.Bandung
98%
6.10 mil.Surabaya
95%
1.55 mil.Denpasar
91%
4.00 mil.Medan
89%
1.94 mil.Yogyakarta
82%
1.89 mil.Makassar
80%
1.72 mil.Palembang
73%
2.25 mil.Semarang
66%
1.22 mil.Pekanbaru
45%
1.39 mil.Batam
43%
1.75 mil.Malang
41%
1.63 mil.Surakarta
36%
1.20 mil.Bandar Lampung
32%
1.12 mil.Cirebon
27%
1.15 mil.Serang
27%
1.20 mil.Karawang
16%

Score Distribution

Percentile by Number Answered

Percent of People with Each Score

Your Score History

You have not taken this quiz